000 00356cam a2200157ua 4500
041 _aeng
_h
082 _a828.09
_bLUC/TR
100 _aLucas, F L .
245 _aTragedy /
_cF L Lucas.
_hTextual Documents
250 _a1 /
_b.
260 _aLondon :
_bHogarth Press ,
_c1961.
300 _a188 ; .
504 _a
942 _cBK
999 _c6651
_d6651